Most Popular Songs in USA 12/13/2025 - Statistics

General Stats
  • This quiz has been taken 6 times
  • The average score is 8 of 15
Answer Stats
Rank Artist (Version) Answer Streams Radio Airplay Sales % Correct
1. Mariah Carey All I Want For Christmas Is You 31.8 Million 22.4 Million 3 Thousand
100%
2. Wham! Last Christmas 30.7 Million 18.2 Million 1.5 Thousand
100%
7. Alex Warren Ordinary 15.7 Million 59.9 Million 2.5 Thousand
75%
8. Ariana Grande Santa Tell Me 22.8 Million 7.7 Million 0.8 Thousand
75%
5. HUNTR/X Golden 20.6 Million 60 Million 4.5 Thousand
50%
14. Michael Buble It's Beginning To Look A Lot Like Christmas 18.8 Million 13.8 Million 1 Thousand
50%
4. Bobby Helms Jingle Bell Rock 27.9 Million 20 Million 0.9 Thousand
50%
12. Olivia Dean Man I Need 14.3 Million 42.5 Million 2 Thousand
50%
3. Brenda Lee Rockin' Around The Christmas Tree 29.3 Million 20.5 Million 1.5 Thousand
50%
6. Taylor Swift The Fate Of Ophelia 18.8 Million 58.5 Million 4 Thousand
50%
11. Kelly Clarkson Underneath The Tree 20.6 Million 10 Million 1.5 Thousand
50%
10. Andy William It's The Most Wonderful Time Of The Year 19.4 Million 18.7 Million 1 Thousand
25%
13. Dean Martin Let It Snow! Let It Snow! Let It Snow! 18.1 Million 13.5 Million 0.9 Thousand
25%
15. The Ronettes Sleigh Ride 18.6 Million 13.7 Million 0.8 Thousand
25%
9. Nat "King" Cole The Christmas Song (Merry Christmas To You) 20.9 Million 16.5 Million 0.7 Thousand
25%
No matching quizzes found
Score Distribution
Percent of People with Each Score
Percentile by Number Answered
Your Score History
You have not taken this quiz